Harry Potter quiz ( for experts only) Stats

 Plays Quiz not verified by Sporcle

Challenge
Share
Tweet
Score 0/14 Timer 08:00
0 Plays Today
Questions: Answers % Correct
Who killed Dumbledore?Snape
99.4%
What is the Deathly Hallow that is a wand called?the elder wand
96.9%
what is the 1st horcrux found?Tom Riddle's diary
73%
what is the spell that fights dementors?expecto patronum
67.5%
what is the 3st horcrux found?Slytherins Locket
48.6%
what is the 2nd horcrux foundMarvolos ring
40.5%
where was Gryffindors sward found in the 2nd film?the chamber of secrets
37.9%
Questions: Answers % Correct
what is Harry Potters wand core?phoenix feather
36.2%
which Weasley brother does not appear in the harry potter (films 1-7part1)?Charley Weasley
32.7%
what is professor Quirrell's first name?Quirinus
22.7%
who directed the first 2 harry potter films?Chris Columbus
17.2%
who directed the last 4 films?David Yates
14.2%
which of the harry potter films does Harry not go on the hogwarts express?2 and 7
9.8%
what films does Voldemort not appear?3 and 6
8.5%

You're not logged in!

Compare scores with friends on all Sporcle quizzes.
OR
Log In

You Might Also Like...

Show Comments

Extras

Created Dec 10, 2010ReportNominate
Tags:Harry Potter Quiz

Top Quizzes Today


Score Distribution

Your Account Isn't Verified!

In order to create a playlist on Sporcle, you need to verify the email address you used during registration. Go to your Sporcle Settings to finish the process.

Report this User

Report this user for behavior that violates our Community Guidelines.

Details: